[Event "Raskazovo"]
[Site "Raskazovo"]
[Date "2015.04.12"]
[Round "7"]
[White "Eyyubov, Zeynal Nazim Oglu"]
[Black "Moiseenko, Vladimir"]
[Result "1-0"]
[WhiteElo "2147"]
[BlackElo "2557"]
[PlyCount "55"]
[EventDate "2015.04.08"]
[EventType "tourn"]
[EventRounds "11"]
[EventCountry "RUS"]
[SourceTitle "CBM 166 Extra"]
[Source "ChessBase"]
[SourceDate "2015.06.18"]
[SourceVersion "1"]
[SourceVersionDate "2015.06.18"]
[SourceQuality "1"]

1. Nf3 Nf6 2. c4 e6 3. Nc3 c5 4. e3 Be7 5. d4 cxd4 6. exd4 d5 7. cxd5 Nxd5 8. Bd3 Nc6 9. 0-0 0-0 10. Re1 Ncb4 11. Bb1 Nf6 12. Bg5 Bd7 13. Ne5 Bc6 14. Re3 g6 15. Rg3 Qb6 16. Ng4 Nbd5 17. Qd2 Nxg4 18. Bxe7 Nxe7 19. Rxg4 Rac8 20. Bd3 a6 21. Rh4 Rfd8 22. Qh6 Qxb2 23. Rc1 Nd5 24. Nxd5 Rxd5 25. Rb1 Qxa2 26. Qxh7+ Kf8 27. Qh8+ Ke7 28. Qxc8 1-0

[Event "Raskazovo"]
[Site "Raskazovo"]
[Date "2015.04.10"]
[Round "5"]
[White "Eyyubov, Zeynal Nazim Oglu"]
[Black "Kravchenko, Alexander"]
[Result "1-0"]
[WhiteElo "2147"]
[BlackElo "2244"]
[PlyCount "59"]
[EventDate "2015.04.08"]
[EventType "tourn"]
[EventRounds "11"]
[EventCountry "RUS"]
[SourceTitle "CBM 166 Extra"]
[Source "ChessBase"]
[SourceDate "2015.06.18"]
[SourceVersion "1"]
[SourceVersionDate "2015.06.18"]
[SourceQuality "1"]

1. e4 e5 2. Nf3 Nc6 3. Bb5 a6 4. Ba4 Nf6 5. 0-0 Be7 6. Re1 b5 7. Bb3 0-0 8. a4 Bb7 9. d3 d6 10. Bd2 d5 11. exd5 Nxd5 12. axb5 axb5 13. Rxa8 Bxa8 14. Nc3 Nxc3 15. Bxc3 Nd4 16. Nxd4 exd4 17. Bxd4 Qxd4 18. Rxe7 Qxb2 19. Qe1 Bc6 20. Rxc7 Qf6 21. h4 Qg6 22. g3 Qf6 23. d4 Qf3 24. Bxf7+ Rxf7 25. Rc8+ Rf8 26. Qe6+ Qf7 27. Rxf8+ Kxf8 28. Qxc6 Qf5 29. d5 h6 30. d6 1-0

[Event "Tula Novikov Memorial"]
[Site "Tula"]
[Date "2014.07.29"]
[Round "9"]
[White "Novikov, Maxim"]
[Black "Eyyubov, Zeynal Nazim Oglu"]
[Result "1-0"]
[WhiteElo "2502"]
[BlackElo "2164"]
[PlyCount "111"]
[EventDate "2014.07.21"]
[EventType "tourn"]
[EventRounds "13"]
[EventCountry "RUS"]
[EventCategory "6"]
[SourceTitle "EXT 2015"]
[Source "ChessBase"]
[SourceDate "2014.11.20"]
[SourceVersion "1"]
[SourceVersionDate "2014.11.20"]
[SourceQuality "1"]

1. e4 e5 2. Nf3 Nf6 3. Nxe5 d6 4. Nf3 Nxe4 5. d4 Be7 6. Bd3 Nf6 7. h3 0-0 8. 0-0 Re8 9. Re1 Nbd7 10. c4 c6 11. Nc3 Nf8 12. Be3 a6 13. a4 a5 14. d5 Ng6 15. Qb3 Nd7 16. Rad1 Nge5 17. Nxe5 Nxe5 18. dxc6 bxc6 19. Bb6 Qd7 20. Rxe5 dxe5 21. Bxh7+ Kxh7 22. Rxd7 Bxd7 23. Ne4 Bf5 24. Qf3 Bg6 25. h4 Rec8 26. h5 Bxe4 27. Qxe4+ Kg8 28. c5 Bd8 29. h6 Bf6 30. hxg7 Bxg7 31. b3 Rab8 32. Qe1 Rb7 33. Qxa5 Rd7 34. Qa6 Rd1+ 35. Kh2 Re8 36. Bc7 Re6 37. a5 Rd2 38. Qf1 Ra2 39. a6 Rf6 40. Kg1 e4 41. Be5 Re6 42. Bxg7 Kxg7 43. Qc4 Rh6 44. g3 Re6 45. b4 Ra4 46. Qc3+ Kh7 47. b5 cxb5 48. c6 Rc4 49. Qa5 Rcxc6 50. a7 Rc8 51. a8Q Rxa8 52. Qxa8 Kg6 53. Qd5 e3 54. Qd3+ f5 55. fxe3 Rb6 56. g4 1-0

[Event "Tula Novikov Memorial"]
[Site "Tula"]
[Date "2014.07.26"]
[Round "6"]
[White "Eyyubov, Zeynal Nazim Oglu"]
[Black "Tishin, Petr"]
[Result "1/2-1/2"]
[WhiteElo "2164"]
[BlackElo "2410"]
[PlyCount "80"]
[EventDate "2014.07.21"]
[EventType "tourn"]
[EventRounds "13"]
[EventCountry "RUS"]
[EventCategory "6"]
[SourceTitle "EXT 2015"]
[Source "ChessBase"]
[SourceDate "2014.11.20"]
[SourceVersion "1"]
[SourceVersionDate "2014.11.20"]
[SourceQuality "1"]

1. e4 e6 2. d4 d5 3. exd5 exd5 4. Nf3 Nf6 5. Bg5 Be7 6. Bd3 0-0 7. 0-0 Bg4 8. Nbd2 Nbd7 9. c3 h6 10. Bf4 c6 11. h3 Be6 12. Re1 Re8 13. Qb3 Qb6 14. Qxb6 axb6 15. a4 Nh5 16. Bc7 Bd8 17. Bxd8 Raxd8 18. Kh2 Nf4 19. Bc2 Ra8 20. g3 Nh5 21. Kg2 Nhf6 22. Nh4 Re7 23. Nf5 Bxf5 24. Bxf5 Rxe1 25. Rxe1 Rxa4 26. Bxd7 Nxd7 27. Re7 Nf6 28. Rxb7 b5 29. Rc7 Ra2 30. Rc8+ Kh7 31. Kf3 b4 32. cxb4 Rxb2 33. Ke3 Rxb4 34. Rxc6 Ra4 35. Rb6 Ra3+ 36. Rb3 Rxb3+ 37. Nxb3 Kg6 38. Kf4 Ne4 39. f3 Nf2 40. h4 Kf6 1/2-1/2